000 01449nam a2200229Ia 4500
003 Ost
005 20260416102357.0
008 260416s9999||||xx |||||||||||||| ||und||
040 _cfsecg
041 _aara
082 _a658.576
100 _aقديد، فوزية
_eمؤلف
245 0 _aإدارة الجودة :
_bموجهة لطلبة السنة الثالثة ليسانس LMD قسم علوم التسيير /
_c فوزية قديد
260 _aالجزائر
_bجامعة الجزائر3: كلية العلوم الإقتصادية، العلوم التجارية وعلوم التسيير
_c2021
300 _a134 ورقة
_bايضاحات
_c30 سم
504 _aمراجع ص.130
520 _aأساسيات حول الجودة و إدارتها ، الاطار النظري لادارة الجودة الشالة ، تطبيق إدارة الجودة الشاملة ، أدوات إدارة الجودة الشاملة ، نظام إدارة الجودة الايزو 9000 ، فلسفة الستة سيجما و حلقات الجودة ، تكاليف الجدوة ، إدارة الموارد البشرية و إدارة الجدوة الشاملة ، جوائز الجودة.
653 _aالجودة
653 _aجودة الانتاج
710 _aجامعة الجزائر3: كلية العلوم الإقتصادية، العلوم التجارية وعلوم التسيير
_eناشر علمي
942 _cHANDOUT
999 _c41246
_d41246